000 00942nam a22002897a 4500
001 7178
003 FISKH
005 20250701141638.0
008 250701b cb ||||| |||| 00| 0 eng d
020 _a9780590463065
040 _aFISKH
_beng
_cFISKH
_dFISKH
050 _aPZ7.
082 _a813.54
100 _aStine, R.L
_d(1943-)
245 _aGoosebumps :
_bThe werewolf of twisted tree lodge /
_cR.L.Stine
250 _aThis edition first published in 2015
260 _aNew York :
_bScholastic,
_c1998
300 _a137 pages :
_c20 cm
505 _aR
520 _aEarning first place in a horror story contest, a literary winner is invited to spend a weekend with famous horror writers at the Twisted Tree Lodge, where everyone turns into werewolves.
521 8 _a740
_bLexile
521 8 _aR
_bRaz-Plus
650 _2Werewolves
_aFantasy
650 _2Goosebumps
_aHorror
942 _2ddc
_cBK
_n0
999 _c7178
_d7178